Real estate : an industry accounting and auditing guide (Record no. 102043)
[ view plain ]
| 000 -LEADER | |
|---|---|
| fixed length control field | 01275cam a2200301 4500 |
| 008 - FIXED-LENGTH DATA ELEMENTS--GENERAL INFORMATION | |
| fixed length control field | 020426n2002 000 0 eng u |
| 020 ## - INTERNATIONAL STANDARD BOOK NUMBER | |
| International Standard Book Number | 1841402222 |
| 035 ## - SYSTEM CONTROL NUMBER | |
| System control number | (Sirsi) u117684 |
| 041 ## - LANGUAGE CODE | |
| Language code of text/sound track or separate title | eng. |
| 050 ## - LIBRARY OF CONGRESS CALL NUMBER | |
| Classification number | 657.833 |
| 100 ## - MAIN ENTRY--PERSONAL NAME | |
| Personal name | Beddy, M. |
| 245 ## - TITLE STATEMENT | |
| Title | Real estate : an industry accounting and auditing guide |
| 250 ## - EDITION STATEMENT | |
| Edition statement | 6th ed. |
| 260 ## - PUBLICATION, DISTRIBUTION, ETC. | |
| Place of publication, distribution, etc. | Kingston upon Thames |
| Name of publisher, distributor, etc. | Croner |
| Date of publication, distribution, etc. | 2002 |
| 300 ## - PHYSICAL DESCRIPTION | |
| Extent | xiii,259p. |
| Dimensions | 24cm. |
| 350 ## - PRICE (NR) (BK AM CF MU VM SE) [OBSOLETE] | |
| Price | 70 |
| 520 ## - SUMMARY, ETC. | |
| Summary, etc. | Covers the significant aspects of accounting, auditing and financial reporting for the real estate industry. Considers the current concerns and issues facing the industry and looks at all the latest financial reporting standards affecting real estate. Discusses the accounting treatment and disclosure of the principal assets in the balance sheet., and considers profit and loss items and reporting performance. Also looks at the future of real estate accounting. |
| 520 ## - SUMMARY, ETC. | |
| Summary, etc. | Superceded by seventh edition. |
| 650 ## - SUBJECT ADDED ENTRY--TOPICAL TERM | |
| Topical term or geographic name entry element | MANAGEMENT-BUSINESS MANAGEMENT-FINANCIAL MANAGEMENT-ACCOUNTING |
| 650 ## - SUBJECT ADDED ENTRY--TOPICAL TERM | |
| Topical term or geographic name entry element | REAL ESTATE |
| 650 ## - SUBJECT ADDED ENTRY--TOPICAL TERM | |
| Topical term or geographic name entry element | PROPERTY INDUSTRY |
| 650 ## - SUBJECT ADDED ENTRY--TOPICAL TERM | |
| Topical term or geographic name entry element | PROPERTY COMPANIES |
| 650 ## - SUBJECT ADDED ENTRY--TOPICAL TERM | |
| Topical term or geographic name entry element | AUDITING |
| 650 ## - SUBJECT ADDED ENTRY--TOPICAL TERM | |
| Topical term or geographic name entry element | FINANCIAL REPORTING |
| 690 ## - LOCAL SUBJECT ADDED ENTRY--TOPICAL TERM (OCLC, RLIN) | |
| Topical term or geographic name as entry element | FINANCE |
| 700 ## - ADDED ENTRY--PERSONAL NAME | |
| Personal name | Muschamp, R. |
| 942 ## - ADDED ENTRY ELEMENTS (KOHA) | |
| Suppress in OPAC | 0 |
| Withdrawn status | Lost status | Source of classification or shelving scheme | Damaged status | Not for loan | Home library | Current library | Shelving location | Date acquired | Cost, normal purchase price | Total Checkouts | Full call number | Barcode | Date last seen | Date last checked out | Copy number | Cost, replacement price | Price effective from | Koha item type |
|---|---|---|---|---|---|---|---|---|---|---|---|---|---|---|---|---|---|---|
| Dewey Decimal Classification | London | London | Basement | 29/05/2002 | 70.00 | 9 | SHELF 113 | 30065916 | 06/08/2019 | 28/09/2005 | 1 | 70.00 | 06/08/2019 | Book |